Emerging approaches to educational research: Tracing the sociomaterial (Record no. 1393421)

MARC details
000 -LEADER
fixed length control field 00648nam a2200217Ia 4500
005 - DATE AND TIME OF LATEST TRANSACTION
control field 20250508165139.0
008 - FIXED-LENGTH DATA ELEMENTS--GENERAL INFORMATION
fixed length control field 008 250505s9999 xx 000 0 eng d
020 ## - INTERNATIONAL STANDARD BOOK NUMBER
International Standard Book Number 978-0-415-57092-3
037 ## - SOURCE OF ACQUISITION
Stock number Textual
040 ## - CATALOGING SOURCE
Original cataloging agency FEDL
Language of cataloging eng
Transcribing agency FEDL
041 ## - LANGUAGE CODE
Language code of text/sound track or separate title eng
Source of code eng
084 ## - COLON CLASSIFICATION NUMBER
Classification number 001.42, FEN
Assigning agency FEDL
100 ## - MAIN ENTRY--PERSONAL NAME
Personal name Fenwick Tara
9 (RLIN) 779984
245 #0 - TITLE STATEMENT
Title Emerging approaches to educational research: Tracing the sociomaterial
260 ## - PUBLICATION, DISTRIBUTION, ETC.
Place of publication, distribution, etc. London, UK
Name of publisher, distributor, etc. Routledge
Date of publication, distribution, etc. 2011
300 ## - PHYSICAL DESCRIPTION
Extent xi,215p.
365 ## - TRADE PRICE
Price type code GBP
Price amount 24.99
700 ## - ADDED ENTRY--PERSONAL NAME
Personal name Edwards Richard Sawchuk Peter
9 (RLIN) 779985
942 ## - ADDED ENTRY ELEMENTS (KOHA)
Koha item type Textual
Classification part 001.42, FEN
Holdings
Withdrawn status Lost status Damaged status Not for loan Home library Current library Date acquired Cost, normal purchase price Total Checkouts Full call number Barcode Date last seen Price effective from Koha item type
        Department of Education Library Department of Education Library 2025-05-08 24.99   001.42, FEN EL0087060 2025-05-08 2025-05-08 Textual
Copyright @ Delhi University Library System